00949 2200181 4500001002100000005001500021035002000036245005800056100001300114250001000127300003500137260004200172082000800214084001400222020002200236650001600258520049300274INLIS00000000000004520210208093141 a0010-02210000181 aJago Ngomong Bahasa Jerman Sehari-hari /cD. Pangestu1 aPangestu acet.1 a150hal. :bilus. ;c13 x 19 cm aTangerang Selatan :bCemerlang,c2018 a430 a430 PAN j a978-602-51766-5-4 4aPengetahuan aDalam mempelajari sebuah bahasa, kita harus merujuk pada contoh-contoh yang benar. Contoh ini nantinya akan kita gunakan sebagai model pada saat kita berlatih. Semakin otentik sumber belajar yang kita gunakan, semakin baik hasil yang kita dapatkan. Buku yang dapat memberikan gambaran tentang bagaimana penutur bahasa jerman berkomunikasi sehari-hari. Banyak ungkapan-ungkapan yang dapat ditemukan dalam buku ini. Umgkapan-ungkapan ini tentunya tidak dapat kita terjemahkan kata per kata.